| 000 | 00373nam a22001217a 4500 | ||
|---|---|---|---|
| 082 | _a345.549105 | ||
| 100 | _aAkbar, Shahid Mehmood | ||
| 245 |
_aThe Code of Civil Procedure (V of 1908) / _cShahid Mehmood Akbar |
||
| 260 |
_aLahore : _bIrfan Law Book House, _c2019. |
||
| 300 |
_a370 p. ; _c24cm. |
||
| 942 |
_2ddc _cBK |
||
| 999 |
_c540988 _d540988 |
||